<?xml version="1.0" encoding="UTF-8"?>
<collection xmlns="http://www.loc.gov/MARC21/slim">
 <record>
  <leader>00742nmm a22002175u 4500</leader>
  <controlfield tag="001">springer.978-1-59059-685-2</controlfield>
  <controlfield tag="003">Springer</controlfield>
  <controlfield tag="005">20100326190730.0</controlfield>
  <controlfield tag="007">cr#nn#008mamaa</controlfield>
  <controlfield tag="008">100301s2007    xx         j        eng#d</controlfield>
  <datafield tag="020" ind1=" " ind2=" ">
   <subfield code="a">9781430204947</subfield>
  </datafield>
  <datafield tag="100" ind1="1" ind2=" ">
   <subfield code="a">Minter, Dave.</subfield>
  </datafield>
  <datafield tag="245" ind1="1" ind2="0">
   <subfield code="a">Beginning Spring 2</subfield>
   <subfield code="h">[electronic resource] :</subfield>
   <subfield code="b">From Novice to Professional /</subfield>
   <subfield code="c">by Dave Minter.</subfield>
  </datafield>
  <datafield tag="260" ind1=" " ind2=" ">
   <subfield code="a">Berkeley, CA :</subfield>
   <subfield code="b">Dave Minter,</subfield>
   <subfield code="c">2007.</subfield>
  </datafield>
  <datafield tag="300" ind1=" " ind2=" ">
   <subfield code="b">v.: digital</subfield>
  </datafield>
  <datafield tag="650" ind1=" " ind2="0">
   <subfield code="a">Computer science</subfield>
  </datafield>
  <datafield tag="650" ind1="1" ind2="4">
   <subfield code="a">Computer Science</subfield>
  </datafield>
  <datafield tag="650" ind1="2" ind2="4">
   <subfield code="a">Programming Techniques</subfield>
  </datafield>
  <datafield tag="650" ind1="2" ind2="4">
   <subfield code="a">Programming Languages, Compilers, Interpreters</subfield>
  </datafield>
  <datafield tag="710" ind1="2" ind2=" ">
   <subfield code="a">SpringerLink (Online service)</subfield>
  </datafield>
  <datafield tag="856" ind1="4" ind2="0">
   <subfield code="u">http://dx.doi.org/10.1007/978-1-4302-0494-7</subfield>
   <subfield code="y">SpringerLink, via BECYT</subfield>
  </datafield>
 </record>
</collection>
